| 000 | 00447nam a2200169 a 4500 | ||
|---|---|---|---|
| 005 | 20140310183210.0 | ||
| 008 | 030220s19uu xx 00 eng d | ||
| 020 | _a0440221099 | ||
| 050 |
_aPS 3552.E6996 _b.B493 1995 |
||
| 100 | _aBerg, Elizabeth | ||
| 245 |
_aTalk before sleep / _cElizabeth Berg. |
||
| 260 |
_aNew York ; _bDell Publishing, _c1995. |
||
| 300 |
_a284 p. : _c17 cm. |
||
| 650 | _aFiction | ||
| 942 |
_cBK _2lcc |
||
| 999 |
_c20119 _d20119 |
||